000 00480nam a2200157 i 4500
001 35285
003 ES-MaACL
007 t|
008 030212s1922 fr ||||1| fre d
100 1 _aBoll, Marcel.
_929975
245 1 0 _aCours de Chimie
_b: (metaux et cations) /
_cpar Marcel Boll et Georges Allard.
260 _aParís :
_b[s.n.,
_c1922] (
_eTours :
_fImp. Desles Pére)
300 _aXXI, 352 p. ;
_c21 cm.
700 1 _aAllard, Georges.
_919959
852 _aES-MaACL
_jB-5979
999 _c35285
_d35285